00382nam a22001217a 450000500170000000800410001702000180005805000200007610000160009624500850011225000130019726000500021020260423181546.0260423b |||||||| |||| 00| 0 eng d a9780719079276 aPN81b.B367 BAR aBarry Peter aBeginning Theory:bAn introduction to literacy and cultural theory/cPeter Barry a3rd. Ed. aManchesterbManchester University Pressc2009